[Event "Olympiad-44"]
[Site "Chennai"]
[Date "2022.08.08"]
[Round "10.2"]
[White "Young, Christopher1111"]
[Black "Lesbros, Bernard"]
[Result "1-0"]
[WhiteElo "1620"]
[BlackElo "1865"]
[PlyCount "78"]
[EventDate "2022.07.29"]
[EventType "team-swiss"]
[EventRounds "11"]
[EventCountry "IND"]
[SourceTitle "CBM 210"]
[Source "ChessBase"]
[SourceDate "2022.10.31"]
[SourceVersion "1"]
[SourceVersionDate "2022.10.31"]
[SourceQuality "1"]
[WhiteTeam "Cayman Islands"]
[BlackTeam "Senegal"]
[WhiteTeamCountry "CAY"]
[BlackTeamCountry "SEN"]

1. d4 Nf6 2. c4 g6 3. Nc3 d5 4. Bg5 Ne4 5. Bh4 Nxc3 6. bxc3 Bg7 7. e3 c5 8. Nf3 cxd4 9. cxd4 Nc6 10. Rb1 0-0 11. Be2 a6 12. 0-0 dxc4 13. a4 Na5 14. Nd2 Be6 15. Qc2 Rc8 16. Qc3 Re8 17. Rfc1 Nb3 18. Nxb3 cxb3 19. Qb4 Rxc1+ 20. Rxc1 Qd7 21. h3 Rc8 22. Rb1 h6 23. Bd1 Rc4 24. Qxe7 Qxe7 25. Bxe7 b2 26. Ba3 Bf5 27. Rxb2 Rc1 28. Rd2 Rb1 29. Kh2 Bd7 30. Bf3 Bxa4 31. d5 Bf6 32. d6 Bd7 33. Rc2 Kf8 34. Rc7 Ke8 35. Bxb7 Rb6 36. Bc8 Bxc8 37. Rxc8+ Kd7 38. Rc7+ Ke8 39. g3 Rb3 1-0

[Event "Olympiad-44"]
[Site "Chennai"]
[Date "2022.08.06"]
[Round "8.2"]
[White "Bongo Akanga Ndjila, Barthelemy"]
[Black "Lesbros, Bernard"]
[Result "0-1"]
[WhiteElo "1803"]
[BlackElo "1865"]
[PlyCount "58"]
[EventDate "2022.07.29"]
[EventType "team-swiss"]
[EventRounds "11"]
[EventCountry "IND"]
[SourceTitle "CBM 210"]
[Source "ChessBase"]
[SourceDate "2022.10.31"]
[SourceVersion "1"]
[SourceVersionDate "2022.10.31"]
[SourceQuality "1"]
[WhiteTeam "Gabun"]
[BlackTeam "Senegal"]
[WhiteTeamCountry "GAB"]
[BlackTeamCountry "SEN"]

1. d4 Nf6 2. c4 g6 3. Nc3 d5 4. cxd5 Nxd5 5. e4 Nxc3 6. bxc3 Bg7 7. Rb1 0-0 8. Nf3 c5 9. Be2 Qc7 10. 0-0 Nd7 11. Be3 Nf6 12. Qd3 b6 13. Nd2 Bb7 14. d5 Rad8 15. c4 e6 16. Bg5 exd5 17. exd5 Rfe8 18. f4 Bc8 19. Rbe1 Bf5 20. Qb3 Rd7 21. Bxf6 Bxf6 22. g4 Bd4+ 23. Kg2 Rde7 24. Qd1 Bc2 25. Qxc2 Rxe2+ 26. Rxe2 Rxe2+ 27. Kf3 Qe7 28. Kg3 Qe3+ 29. Rf3 Qg1+ 0-1

[Event "Mindelo op"]
[Site "Mindelo"]
[Date "2022.04.28"]
[Round "7"]
[White "Strikovic, Aleksa"]
[Black "Lesbros, Bernard"]
[Result "1-0"]
[WhiteElo "2489"]
[BlackElo "1865"]
[PlyCount "37"]
[EventDate "2022.04.22"]
[EventType "swiss"]
[EventRounds "9"]
[EventCountry "KAP"]
[SourceTitle "CBM 208 Extra"]
[Source "ChessBase"]
[SourceDate "2022.07.31"]
[SourceVersion "1"]
[SourceVersionDate "2022.07.31"]
[SourceQuality "1"]

1. c4 c5 2. Nf3 Nf6 3. Nc3 d5 4. cxd5 Nxd5 5. g3 Nc6 6. Bg2 Nc7 7. d3 e5 8. Nd2 Be7 9. Nc4 f6 10. 0-0 0-0 11. f4 Be6 12. fxe5 fxe5 13. Rxf8+ Bxf8 14. Be3 Nd5 15. Nxd5 Bxd5 16. Qb3 Nd4 17. Bxd4 exd4 18. Rf1 Bxg2 19. Nd6+ 1-0

[Event "Online Olym Div4 D"]
[Site "Chess.com INT"]
[Date "2020.08.02"]
[Round "9.3"]
[White "Lesbros, Bernard"]
[Black "Machin Rivera, Mark"]
[Result "0-1"]
[WhiteElo "1928"]
[BlackElo "2341"]
[PlyCount "88"]
[EventDate "2020.07.31"]
[EventType "team-tourn (rapid)"]
[EventRounds "9"]
[EventCountry "USA"]
[SourceTitle "CBM 198"]
[Source "ChessBase"]
[SourceDate "2020.10.31"]
[SourceVersion "1"]
[SourceVersionDate "2020.10.31"]
[SourceQuality "1"]
[WhiteTeam "Senegal"]
[BlackTeam "Puerto Rico"]
[WhiteTeamCountry "SEN"]
[BlackTeamCountry "PUR"]

1. Nf3 g6 2. c4 Bg7 3. d4 Nf6 4. Nc3 d6 5. g3 0-0 6. Bg2 a6 7. 0-0 Nc6 8. e4 Bg4 9. Be3 Nd7 10. Qd2 Bxf3 11. Bxf3 e5 12. d5 Nd4 13. Bg2 c5 14. dxc6 bxc6 15. f4 Rb8 16. b3 Qa5 17. Kh1 Nf6 18. fxe5 dxe5 19. Nd5 Qxd2 20. Nxf6+ Bxf6 21. Bxd2 Be7 22. Ba5 Rb7 23. Bc3 Rd8 24. Rad1 c5 25. Rf2 Kg7 26. Rdf1 f6 27. Ba5 Rd6 28. Bc3 Nc6 29. Rd2 Rxd2 30. Bxd2 Rd7 31. Rd1 Kf7 32. Bf3 Rd3 33. Be2 Rd8 34. Be3 Nd4 35. Bf1 Ra8 36. Kg2 a5 37. Bxd4 cxd4 38. Rd3 f5 39. Kf3 Bc5 40. a4 Ke6 41. Bh3 Rf8 42. Ke2 Kd6 43. Bg2 Rb8 44. Bh3 fxe4 0-1

[Event "Freetown zt 4.2"]
[Site "Freetown"]
[Date "2020.03.16"]
[Round "3"]
[White "Oragwu, Chukwunonso"]
[Black "Lesbros, Bernard"]
[Result "1-0"]
[WhiteElo "2229"]
[BlackElo "1936"]
[PlyCount "65"]
[EventDate "2020.03.15"]
[EventType "swiss"]
[EventRounds "9"]
[EventCountry "SIE"]
[SourceTitle "CBM 195 Extra"]
[Source "ChessBase"]
[SourceDate "2020.05.31"]
[SourceVersion "1"]
[SourceVersionDate "2020.05.31"]
[SourceQuality "1"]

1. e4 c5 2. Nf3 d6 3. d4 cxd4 4. Nxd4 Nf6 5. Nc3 g6 6. Be2 Bg7 7. 0-0 0-0 8. Bg5 Nc6 9. Nb3 Be6 10. f4 Qc8 11. Bf3 Rd8 12. Nd5 Bxd5 13. exd5 Nb4 14. c3 Na6 15. Qe2 Re8 16. Kh1 Nc7 17. Rad1 Qd7 18. c4 Qa4 19. Nd4 e5 20. dxe6 Nxe6 21. Nxe6 Rxe6 22. Qd3 Rd8 23. Bxb7 Ng4 24. h3 Qxd1 25. Qxd1 Ne3 26. f5 Nxd1 27. fxe6 fxe6 28. Rxd1 Rb8 29. Be4 Rxb2 30. Be7 Re2 31. Bd3 Rxa2 32. Bxd6 Ra6 33. c5 1-0

[Event "Avoine op 27th"]
[Site "Avoine"]
[Date "2012.07.25"]
[Round "5"]
[White "Hutois, Mickael"]
[Black "Lesbros, Bernard"]
[Result "0-1"]
[WhiteElo "2153"]
[BlackElo "1989"]
[PlyCount "100"]
[EventDate "2012.07.21"]
[EventType "swiss"]
[EventRounds "9"]
[EventCountry "FRA"]
[SourceTitle "CBM 149 Extra"]
[Source "ChessBase"]
[SourceDate "2012.08.24"]
[SourceVersion "1"]
[SourceVersionDate "2012.08.24"]
[SourceQuality "1"]

1. e4 c5 2. Nf3 d6 3. d4 cxd4 4. Qxd4 a6 5. c4 Nc6 6. Qe3 g6 7. Nc3 Bh6 8. Qd3 Bxc1 9. Rxc1 Nf6 10. Be2 Bg4 11. 0-0 0-0 12. Qe3 Rc8 13. b3 Qa5 14. Rc2 Bxf3 15. Bxf3 b5 16. cxb5 axb5 17. Rfc1 Nb4 18. Re2 Rc5 19. Rce1 Rfc8 20. Nd5 Nfxd5 21. exd5 Nc2 22. Rxc2 Rxc2 23. h4 R8c7 24. h5 Qd2 25. Qxd2 Rxd2 26. a4 bxa4 27. bxa4 Ra2 28. Re4 Ra7 29. Bd1 Ra1 30. Rd4 R7xa4 31. Rxa4 Rxd1+ 32. Kh2 Rxd5 33. hxg6 hxg6 34. Kg3 Kg7 35. Kf3 Kf6 36. Ke3 g5 37. Ra7 e5 38. Rb7 Rd4 39. f3 Ke6 40. Rb8 f5 41. Rg8 g4 42. Ke2 Ra4 43. Rg6+ Kd5 44. Rf6 Ra2+ 45. Kf1 gxf3 46. gxf3 f4 47. Rf8 Kd4 48. Rb8 Rd2 49. Ke1 Ke3 50. Ra8 Rd3 0-1

[Event "Angers op 3rd"]
[Site "Angers"]
[Date "2008.04.25"]
[Round "2"]
[White "Doncea, Vladimir"]
[Black "Lesbros, Bernard"]
[Result "1-0"]
[WhiteElo "2441"]
[BlackElo "2036"]
[PlyCount "51"]
[EventDate "2008.04.25"]
[EventType "swiss"]
[EventRounds "6"]
[EventCountry "FRA"]
[SourceTitle "CBM 123 Extra"]
[Source "ChessBase"]
[SourceDate "2008.05.06"]
[SourceVersion "1"]
[SourceVersionDate "2008.05.06"]
[SourceQuality "1"]

1. c4 c5 2. Nf3 Nf6 3. g3 g6 4. Bg2 Bg7 5. 0-0 0-0 6. d4 cxd4 7. Nxd4 Nc6 8. c5 Nxd4 9. Qxd4 Ne8 10. Qb4 Nc7 11. Nc3 Na6 12. Qa3 Qc7 13. Be3 Qe5 14. Rfd1 Qc7 15. Rac1 Qd8 16. b4 Nc7 17. c6 Bxc3 18. Qxc3 Nb5 19. Qb2 bxc6 20. Bh6 f6 21. Bxc6 dxc6 22. Qb3+ e6 23. Rxd8 Rxd8 24. Qf3 Kf7 25. Bg5 f5 26. Bxd8 1-0

[Event "FRA-chT2 West 0607"]
[Site "France"]
[Date "2007.03.17"]
[Round "8.6"]
[White "Lesbros, Bernard"]
[Black "Vergnaud, Jacques"]
[Result "1-0"]
[WhiteElo "2063"]
[BlackElo "2020"]
[PlyCount "77"]
[EventDate "2006.10.15"]
[EventType "team"]
[EventRounds "11"]
[EventCountry "FRA"]
[SourceTitle "EXT 2008"]
[Source "ChessBase"]
[SourceDate "2007.11.25"]
[SourceVersion "1"]
[SourceVersionDate "2007.11.25"]
[SourceQuality "1"]
[WhiteTeam "Le Mans"]
[BlackTeam "Rueil Malmaison"]
[WhiteTeamCountry "FRA"]
[BlackTeamCountry "FRA"]

1. Nf3 d5 2. c4 e6 3. d4 Nf6 4. g3 Bb4+ 5. Nbd2 0-0 6. Qc2 Ne4 7. Bg2 Nd7 8. 0-0 Ndf6 9. a3 Nxd2 10. Nxd2 Be7 11. b4 Bd7 12. e4 dxc4 13. Nxc4 Bb5 14. Rd1 Qe8 15. Nb2 Qc6 16. Qb3 Rfd8 17. Bf4 Qb6 18. Rac1 Rd7 19. a4 Bc6 20. b5 Nxe4 21. Nc4 Bd5 22. Nxb6 Bxb3 23. Nxd7 Bxd1 24. Bxe4 Bxa4 25. Bxb7 Rd8 26. Bc6 a6 27. Bxc7 axb5 28. Bxd8 Bxd8 29. Bxb5 Bxb5 30. Rc8 f5 31. Ne5 Kf8 32. Rxd8+ Ke7 33. Rb8 Be2 34. f3 h5 35. Kf2 Ba6 36. h4 Kf6 37. Ke3 Bf1 38. Kf4 Bh3 39. Rb7 1-0

[Event "Angers op 1st"]
[Site "Angers"]
[Date "2006.05.08"]
[Round "6"]
[White "Lesbros, Bernard"]
[Black "Legout, Vincent"]
[Result "1-0"]
[WhiteElo "2043"]
[BlackElo "1917"]
[PlyCount "79"]
[EventDate "2006.05.06"]
[EventType "swiss"]
[EventRounds "6"]
[EventCountry "FRA"]
[SourceTitle "CBM 112 Extra"]
[Source "ChessBase"]
[SourceDate "2006.07.14"]
[SourceVersion "1"]
[SourceVersionDate "2006.07.14"]
[SourceQuality "1"]

1. Nf3 d5 2. c4 c6 3. d4 Nf6 4. Qc2 e6 5. g3 Nbd7 6. Bg2 Be7 7. 0-0 0-0 8. Nbd2 c5 9. b3 b6 10. e4 dxe4 11. Nxe4 Bb7 12. Nxf6+ Bxf6 13. Ng5 Bxg5 14. Bxb7 Rb8 15. Bxg5 Qxg5 16. Bc6 Rfd8 17. Bxd7 Rxd7 18. dxc5 Qxc5 19. Rad1 Rbd8 20. Rxd7 Rxd7 21. Rd1 Rxd1+ 22. Qxd1 Qc7 23. Qf3 g6 24. Qa8+ Kg7 25. Qe4 Qd6 26. Qc2 Qa3 27. Kg2 f5 28. h4 Kf7 29. Qd2 Kg7 30. h5 Qe7 31. h6+ Kg8 32. Qd4 g5 33. Qe5 g4 34. b4 Qb7+ 35. Kh2 Qd7 36. c5 Kf7 37. Qg7+ Ke8 38. Qg8+ Ke7 39. Qxh7+ Ke8 40. Qxd7+ 1-0

[Event "Rohde op 05th"]
[Site "Sautron"]
[Date "2005.10.26"]
[Round "5"]
[White "Ivanov, Jordan"]
[Black "Lesbros, Bernard"]
[Result "1-0"]
[WhiteElo "2359"]
[BlackElo "2043"]
[PlyCount "37"]
[EventDate "2005.10.22"]
[EventType "swiss"]
[EventRounds "9"]
[EventCountry "FRA"]
[SourceTitle "EXT 2006"]
[Source "ChessBase"]
[SourceDate "2005.11.24"]
[SourceVersion "1"]
[SourceVersionDate "2005.11.24"]
[SourceQuality "1"]

1. d4 Nf6 2. c4 g6 3. Nc3 d5 4. Bf4 Bg7 5. e3 0-0 6. cxd5 Nxd5 7. Nxd5 Qxd5 8. Bxc7 Na6 9. Bxa6 bxa6 10. Nf3 Bf5 11. 0-0 Rac8 12. Be5 f6 13. Bg3 Rc2 14. b3 Qa5 15. Qe1 Qa3 16. e4 Bd7 17. Qe3 Rfc8 18. d5 R8c7 19. Bxc7 1-0

[Event "FRA-chT2 0304"]
[Site "France"]
[Date "2004.03.13"]
[Round "8"]
[White "Lesbros, Bernard"]
[Black "Forthofer, Robert"]
[Result "1-0"]
[WhiteElo "2048"]
[BlackElo "2151"]
[PlyCount "93"]
[EventDate "2003.10.??"]
[EventType "team"]
[EventRounds "11"]
[EventCountry "FRA"]
[SourceTitle "EXT 2005"]
[Source "ChessBase"]
[SourceDate "2004.11.15"]
[SourceVersion "1"]
[SourceVersionDate "2004.11.15"]
[SourceQuality "1"]

1. Nf3 Nc6 2. d4 d5 3. c4 Bg4 4. e3 e5 5. dxe5 dxc4 6. Qc2 Bxf3 7. gxf3 Qd5 8. Nd2 Bb4 9. Bxc4 Qxf3 10. Rg1 0-0-0 11. a3 Bxd2+ 12. Bxd2 Nge7 13. Be2 Qd5 14. 0-0-0 Qxe5 15. Bc3 Rxd1+ 16. Bxd1 Qxh2 17. Rxg7 Rd8 18. Rxh7 Qg1 19. Rxf7 Qh1 20. Bf6 Qf1 21. Rxe7 Rxd1+ 22. Qxd1 Qc4+ 23. Kd2 Qd5+ 24. Kc1 Qc4+ 25. Kb1 Nxe7 26. Bxe7 Qe4+ 27. Ka1 Qxe7 28. Qg4+ Kd8 29. Qd4+ Kc8 30. Qxa7 c5 31. Qa8+ Kc7 32. Qa5+ Kc6 33. Qa4+ Kc7 34. Qf4+ Kc6 35. Qf3+ Kb6 36. e4 Qe6 37. Qd3 Qg6 38. Ka2 Ka7 39. Qe3 b6 40. f4 Kb7 41. e5 Kc7 42. Qb3 Kd7 43. Qd5+ Ke7 44. Qb7+ Ke8 45. Qc8+ Ke7 46. f5 Qg8+ 47. Qxg8 1-0

[Event "Rohde op 03rd"]
[Site "Sautron"]
[Date "2003.??.??"]
[Round "5"]
[White "Lesbros, Bernard"]
[Black "Andonov, Bogomil"]
[Result "0-1"]
[WhiteElo "2056"]
[BlackElo "2310"]
[PlyCount "105"]
[EventDate "2003.10.25"]
[EventType "swiss"]
[EventRounds "9"]
[EventCountry "FRA"]
[SourceTitle "EXT 2005"]
[Source "ChessBase"]
[SourceDate "2004.11.15"]
[SourceVersion "1"]
[SourceVersionDate "2004.11.15"]
[SourceQuality "1"]

1. Nf3 Nf6 2. c4 c6 3. d4 d5 4. Qc2 Bg4 5. Ne5 e6 6. Nxg4 Nxg4 7. e3 Bd6 8. f4 0-0 9. Bd3 Qh4+ 10. g3 Qh3 11. Bf1 Qh6 12. Qe2 f5 13. Nd2 Nd7 14. Nf3 Ndf6 15. Ng5 Bb4+ 16. Bd2 Bxd2+ 17. Qxd2 Qg6 18. Bd3 Rae8 19. 0-0-0 h6 20. Nf3 dxc4 21. Ne5 Nxe5 22. dxe5 cxd3 23. exf6 Qxf6 24. Qxd3 Qe7 25. e4 Rd8 26. Qe2 Qc5+ 27. Kb1 fxe4 28. Rxd8 Rxd8 29. Qxe4 Qf5 30. Qxf5 exf5 31. Kc2 Kf7 32. Kc3 Rd6 33. Re1 h5 34. Re5 g6 35. b4 Re6 36. Ra5 a6 37. Kd3 Ke7 38. a4 Kd6 39. b5 axb5 40. axb5 b6 41. Ra6 Kc5 42. bxc6 Rxc6 43. Ra1 Rd6+ 44. Kc3 b5 45. Ra8 b4+ 46. Kc2 h4 47. Rc8+ Rc6 48. Rd8 hxg3 49. hxg3 Kc4 50. Rb8 Re6 51. Rc8+ Kd4 52. Rb8 Ke3 53. Rxb4 0-1

[Event "FRA-chT3 Gr5 0203"]
[Site "France"]
[Date "2002.11.16"]
[Round "2"]
[White "Lesbros, Bernard"]
[Black "Delorme, Alban"]
[Result "1-0"]
[WhiteElo "2054"]
[BlackElo "2216"]
[PlyCount "61"]
[EventDate "2002.12.09"]
[EventType "team"]
[EventRounds "9"]
[EventCountry "FRA"]
[SourceTitle "EXT 2004"]
[Source "ChessBase"]
[SourceDate "2003.11.25"]
[SourceVersion "1"]
[SourceVersionDate "2003.11.25"]
[SourceQuality "1"]

1. Nf3 d5 2. c4 e6 3. g3 Nf6 4. Bg2 Be7 5. 0-0 0-0 6. d4 dxc4 7. Ne5 Nc6 8. Nxc6 bxc6 9. Bxc6 Rb8 10. Nc3 Bb7 11. Bxb7 Rxb7 12. b3 cxb3 13. axb3 Qb8 14. Ba3 Bb4 15. Na4 Rd8 16. e3 e5 17. Nc5 Bxc5 18. Bxc5 exd4 19. Be7 Rd5 20. Bxf6 gxf6 21. Qg4+ Kh8 22. Qe4 Rd6 23. exd4 Rxb3 24. Rfc1 Re6 25. Qd5 Rb5 26. Qd7 Rb7 27. Qxf7 Rd6 28. Re1 Rd8 29. Re7 Rb1+ 30. Kg2 Qb7+ 31. d5 1-0

[Event "Agneaux St Lo op 03rd"]
[Site "Agneaux"]
[Date "1999.??.??"]
[Round "3"]
[White "Lesbros, Bernard"]
[Black "Belkhodja, Slim"]
[Result "0-1"]
[WhiteElo "2070"]
[BlackElo "2420"]
[PlyCount "84"]
[EventDate "1999.02.??"]
[EventType "swiss"]
[EventRounds "7"]
[EventCountry "FRA"]
[SourceTitle "EXT 2000"]
[Source "ChessBase"]
[SourceDate "1999.11.16"]
[SourceVersion "1"]
[SourceVersionDate "1999.11.16"]
[SourceQuality "1"]

1. Nf3 Nf6 2. c4 g6 3. g3 Bg7 4. Bg2 0-0 5. 0-0 d6 6. d4 Nbd7 7. Nc3 e5 8. e4 c6 9. h3 Qa5 10. Be3 Nb6 11. Qd3 exd4 12. Nxd4 Qa6 13. b3 d5 14. exd5 Nbxd5 15. Bd2 Nxc3 16. Bxc3 Nd5 17. Bxd5 cxd5 18. Nb5 dxc4 19. bxc4 Bf5 20. Qf3 Bxc3 21. Nxc3 Qxc4 22. Nd5 Be6 23. Nf4 Qa6 24. Rfe1 Bc4 25. Re7 Qf6 26. Rae1 b5 27. a3 g5 28. Qxa8 Qxe7 29. Rxe7 Rxa8 30. Ng2 a5 31. Ne3 Be6 32. Ng2 Rd8 33. g4 Rd1+ 34. Kh2 Rd2 35. Ne1 Rxf2+ 36. Kg3 Ra2 37. Nf3 Rxa3 38. Kf2 h6 39. Nd4 Rxh3 40. Nxe6 fxe6 41. Rxe6 a4 42. Rb6 Rb3 0-1

[Event "Agneaux St Lo op 03rd"]
[Site "Agneaux"]
[Date "1999.??.??"]
[Round "6"]
[White "Thompson, Ian D"]
[Black "Lesbros, Bernard"]
[Result "1/2-1/2"]
[WhiteElo "2275"]
[BlackElo "2070"]
[PlyCount "32"]
[EventDate "1999.02.??"]
[EventType "swiss"]
[EventRounds "7"]
[EventCountry "FRA"]
[SourceTitle "EXT 2000"]
[Source "ChessBase"]
[SourceDate "1999.11.16"]
[SourceVersion "1"]
[SourceVersionDate "1999.11.16"]
[SourceQuality "1"]

1. c4 c5 2. Nc3 e6 3. e4 Nc6 4. g3 g6 5. Bg2 Bg7 6. Nge2 Nge7 7. d3 d6 8. 0-0 0-0 9. Rb1 b6 10. b3 Bb7 11. Bb2 Qd7 12. a3 Rad8 13. Nf4 Nd4 14. Nce2 e5 15. Nxd4 cxd4 16. Nd5 Nxd5 1/2-1/2